| 000 | 00479 a2200169 4500 | ||
|---|---|---|---|
| 020 | _a9780073375977 | ||
| 020 | _a0073375977 | ||
| 082 | 0 | 0 | _a005.1 |
| 090 |
_c6287 _d6287 |
||
| 100 | 1 | _aPressman, Roger S. | |
| 245 | 1 | 0 |
_aSoftware engineering: A practitioner's approach _b _cRoger S. Pressman. |
| 250 | _a7th ed. | ||
| 260 |
_aNew York : _bMcGraw-Hill Higher Education, _c2010. |
||
| 300 |
_axxviii, 895 p. : _bill. ; _c24 cm. |
||
| 650 | 0 | _aSoftware engineering. | |
| 942 | _cBK | ||
| 999 |
_c486910 _d486910 |
||